MARC details
| 000 -CABECERA |
| campo de control de longitud fija |
05360nam a2200493Ia 4500 |
| 001 - NÚMERO DE CONTROL |
| campo de control |
dia_4894 |
| 003 - IDENTIFICADOR DEL NÚMERO DE CONTROL |
| campo de control |
CHAP |
| 005 - FECHA Y HORA DE LA ÚLTIMA TRANSACCIÓN |
| campo de control |
20240910183756.0 |
| 007 - CAMPO FIJO DE DESCRIPCIÓN FÍSICA--INFORMACIÓN GENERAL |
| campo de control de longitud fija |
ta |
| 008 - DATOS DE LONGITUD FIJA--INFORMACIÓN GENERAL |
| campo de control de longitud fija |
220117s2012 mx abdofrm 001 0 spa d |
| 010 ## - NÚMERO DE CONTROL DE LA BIBLIOTECA DEL CONGRESO |
| Número de control de LC |
175691 |
| 040 ## - FUENTE DE LA CATALOGACIÓN |
| Centro/agencia transcriptor |
CHAP |
| Centro catalogador/agencia de origen |
mxchpua |
| Normas de descripción |
rda |
| 041 0# - CÓDIGO DE LENGUA |
| Código de lengua del texto/banda sonora o título independiente |
spa |
| Código de lengua del sumario o resumen |
eng |
| 090 ## - LOCALMENTE ASIGNADO TIPO-LC NÚMERO DE CLASIFICACIÓN (OCLC); NÚMERO DE CLASIFICACIÓN LOCAL (RLIN) |
| Número de clasificación (OCLC) (R) ; Numero de clasificación, CALL (RLIN) (NR) |
Tesis |
| Número cutter local (OCLC) ; Número de libro/Signatura topográfica íntegra, CALL (RLIN) |
A386 |
| año |
2012 |
| 100 1# - ENTRADA PRINCIPAL--NOMBRE DE PERSONA |
| Nombre de persona |
Aguilar Villarreal, Jessica |
| 240 10 - TÍTULO UNIFORME |
| Título uniforme |
Physical and chemical characteristics, and nixtamal in blue corn (Zea mays L.) two agroecological regions of Oaxaca. |
| Lenguaje de la obra |
Español |
| 245 10 - MENCIÓN DE TÍTULO |
| Título |
Características físicas, químicas y nixtamalización de maíz azul (Zea mays L.) de dos regiones agroecológicas de Oaxaca / |
| Mención de responsabilidad, etc. |
Jessica Aguilar Villarreal y Bernabé Altunar López |
| 264 ## - PRODUCCIÓN, PUBLICACIÓN, DISTRIBUCIÓN, FABRICACIÓN Y COPYRIGHT |
| Producción, publicación, distribución, fabricación y copyright |
Chapingo, México : |
| Nombre del de productor, editor, distribuidor, fabricante |
El autor, |
| Fecha de producción, publicación, distribución, fabricación o copyright |
2012 |
| 300 ## - DESCRIPCIÓN FÍSICA |
| Extensión |
vii, 69 hojas : |
| Otras características físicas |
ilustraciones, mapas, gráficas, tablas, fotos + |
| Material acompañante/anejo |
1 CD-ROM |
| 336 ## - TIPO DE CONTENIDO |
| Fuente |
rdacontent |
| Término de tipo de contenido |
texto |
| Código de tipo de contenido |
txt |
| 337 ## - TIPO DE MEDIO |
| Fuente |
rdamedia |
| Nombre/término del tipo de medio |
no mediado |
| Código del tipo de medio |
n |
| 338 ## - TIPO DE SOPORTE |
| Fuente |
rdacarrier |
| Nombre/término del tipo de soporte |
volumen |
| Código del tipo de soporte |
nc |
| 500 ## - NOTA GENERAL |
| Nota general |
El CD contiene reporte |
| 502 ## - NOTA DE TESIS |
| Nota de tesis |
Tesis |
| Tipo de título |
(Ingeniero Agroindustrial) -- |
| Nombre de la institución que otorga el título |
UACh. Departamento de Ingeniería Agroindustrial, |
| Año de obtención del título |
2012 |
| 504 ## - NOTA DE BIBLIOGRAFÍA, ETC. |
| Nota de bibliografía, etc. |
Bibliografía: hojas 51-60 |
| 520 3# - SUMARIO, ETC. |
| Sumario, etc. |
México es considerado como uno de los centros de origen del maíz (Zea mays L.), en tanto que Oaxaca es centro de origen y domesticación de la gramínea, así lo demuestran los restos arqueológicos encontrados en diferentes lugares de este estado. Han sido poco estudiadas las razas de maíz de Oaxaca por lo que existe poca información en cuanto a la caracterización. Los objetivos de esta investigación fueron caracterizar los maíces de grano azul en las razas de maíz de dos Regiones de Oaxaca (Costa y Valles Centrales) en función de sus características físicas, químicas y de nixtamalización y determinar su calidad tortillera. Para ello se analizaron 61 colectas de las regiones en estudio, de la Región Costa se analizaron 18 colectas (33.3 % del total fue para la raza Olotillo); de la Región de Valles Centrales fueron 43 colectas. En esta última Región la raza dominante fue Bolita, que representó el 81.4%. La mayoría de las muestras presentaron una dureza de grano que va de intermedio a muy duro. El contenido de proteína fue similar en las razas de ambas regiones, el de aceite fue mayor en las razas de la Región de Valles Centrales con respecto a lo observado en las de Costa. El Contenido de Antocianinas Totales (CAT) fue mayor en las razas Tuxpeño (768.4 mg/kg materia seca) y Conejo (629.8 mg/kg materia seca) provenientes de la Región de Costa. Las variables: humedad de tortilla (HT), rendimiento en tortilla caliente (RTC) y rendimiento en tortilla fría (RTF) los valores obtenidos no presentaron diferencia entre los materiales evaluados en cada región, los contenidos fueron muy similares entre las razas de las dos regiones. La degradación de antocianinas impactó en el color de las tortillas principalmente de la Región de Costa. -- |
| 520 3# - SUMARIO, ETC. |
| Sumario, etc. |
Mexico is considered one of the centers of origin of corn (Zea mays L.), while Oaxaca is the center of origin and domestication of the grass, as shown by the archaeological remains found in different places in this state. The races of corn in Oaxaca have been little studied, so there is little information regarding the characterization. The objectives of this research were to characterize the blue corn varieties in the races of corn in two regions of Oaxaca (Coast and Central Valley) based on their physical, chemical and nixtamalization and determine the tortilla quality. We analyzed 61 collections of the regions under study, in the coastal region was analyzed 18 collections (33.3% of the total was Olotillo´s race), and in the Central Valley Region were 43 collections. In the latter region the dominant race was "Bolita", which depicted for 81.4%. Most samples had a grain hardness that ranges from intermediate to very hard. The protein content was similar in the races of both regions; the oil was higher in the races of the Central Valley Region with respect to that observed in the coast. Total Anthocyanin Content (TAC) was higher in races Tuxpeño (768.4 mg / kg dry matter) and Conejo (629.8 mg / kg dry matter) from the Coast Region. The variables such as: tortilla's moisture (HT), output in warm tortilla (RTC) and output in cold tortilla (RTF), the values obtained were similar between the materials evaluated in each region; the contents were very similar between races in the two regions. The degradation of anthocyanins impacted in the color of the tortillas, mainly in the Coast Region. |
| 650 13 - PUNTO DE ACCESO ADICIONAL DE MATERIA--TÉRMINO DE MATERIA |
| Término de materia o nombre geográfico como elemento de entrada |
Maíz |
| Subdivisión general |
Propiedades fisicoquímicas |
| Subdivisión geográfica |
México |
| -- |
Oaxaca |
| Fuente del encabezamiento o término |
atg |
| 650 13 - PUNTO DE ACCESO ADICIONAL DE MATERIA--TÉRMINO DE MATERIA |
| Término de materia o nombre geográfico como elemento de entrada |
Maíz |
| Fuente del encabezamiento o término |
atg |
| 650 13 - PUNTO DE ACCESO ADICIONAL DE MATERIA--TÉRMINO DE MATERIA |
| Término de materia o nombre geográfico como elemento de entrada |
Maíz |
| Subdivisión general |
Nixtamalización |
| Fuente del encabezamiento o término |
atg |
| 650 13 - PUNTO DE ACCESO ADICIONAL DE MATERIA--TÉRMINO DE MATERIA |
| Término de materia o nombre geográfico como elemento de entrada |
Corn |
| Fuente del encabezamiento o término |
atg |
| 650 13 - PUNTO DE ACCESO ADICIONAL DE MATERIA--TÉRMINO DE MATERIA |
| Término de materia o nombre geográfico como elemento de entrada |
Corn |
| Subdivisión general |
Nixtamalization |
| Fuente del encabezamiento o término |
atg |
| 650 13 - PUNTO DE ACCESO ADICIONAL DE MATERIA--TÉRMINO DE MATERIA |
| Término de materia o nombre geográfico como elemento de entrada |
Corn |
| Subdivisión general |
Physicochemical properties |
| Subdivisión geográfica |
México |
| -- |
Oaxaca |
| Fuente del encabezamiento o término |
atg |
| 700 1# - PUNTO DE ACCESO ADICIONAL--NOMBRE DE PERSONA |
| Nombre de persona |
Altunar López, Bernabé |
| Término indicativo de función/relación |
autor |
| 700 1# - PUNTO DE ACCESO ADICIONAL--NOMBRE DE PERSONA |
| Nombre de persona |
Salinas Moreno, Yolanda |
| Término indicativo de función/relación |
directora |
| 700 1# - PUNTO DE ACCESO ADICIONAL--NOMBRE DE PERSONA |
| Nombre de persona |
Aragón Cuevas, Flavio |
| Término indicativo de función/relación |
asesor |
| 700 1# - PUNTO DE ACCESO ADICIONAL--NOMBRE DE PERSONA |
| Nombre de persona |
Esparza Torres, Félix |
| Término indicativo de función/relación |
asesor |
| 856 41 - LOCALIZACIÓN Y ACCESO ELECTRÓNICOS |
| Identificador Uniforme del Recurso |
<a href="http://10.13.5.2/tesis/115454.pdf">http://10.13.5.2/tesis/115454.pdf</a> |
| Texto de enlace |
DESCARGAR PDF |
| 901 ## - ELEMENTOS DE DATOS A LOCAL LDA (RLIN) |
| a |
TESIS A386 2012 |
| 942 ## - ELEMENTOS DE PUNTO DE ACCESO ADICIONAL (KOHA) |
| Tipo de ítem Koha |
TESIS |
| Fuente del sistema de clasificación o colocación |
Clasificación Universidad Autónoma Chapingo |
| 902 ## - ELEMENTOS DE DATOS B LOCAL, LDB (RLIN) |
| a |
M |
| 905 ## - ELEMENTOS DE DATOS E LOCAL, LDE (RLIN) |
| a |
5232272012 mx dml 8223223322spa16 |